Statistics for FlabberBapper's Most Listened To Artists

Click here to take the quiz!

General Stats

  • This quiz has been taken 87 times
    (12 since last reset)
  • The average score is 13 of 50

Answer Stats

Favorite SongPlays#Artist% Correct
Paperback Writer85544The Beatles
82%
Crocodile Rock28914Elton John
73%
Gimme Shelter43424The Rolling Stones
64%
Up Around The Bend40322Creedence Clearwater Revival
55%
I Can Hear Music1,69693The Beach Boys
55%
Take It Easy29315Eagles
45%
Brighton Rock38720Queen
45%
Listen To The Music62933The Doobie Brothers
45%
Who Made Who78144AC/DC
36%
Foreplay / Long Time39021Boston
36%
Wagon Wheel75832Darius Rucker
36%
Burning Love44422Elvis Presley
36%
Love Bites (So Do I)30011Halestorm
36%
Fool In The Rain55229Led Zeppelin
36%
Fox On The Run35424Sweet
36%
So Fine1,847105Electric Light Orchestra
27%
Say You Love Me55129Fleetwood Mac
27%
December, 1963 (Oh What A Night)33816Frankie Valli & The Four Seasons
27%
Write This Down51835George Strait
27%
Ships In The Night1,24570Mat Kearney
27%
I Can Only Imagine32513MercyMe
27%
Something Beautiful3,17693NEEDTOBREATHE
27%
Fishin' In The Dark51729Nitty Gritty Dirt Band
27%
The Last Stand52921Sabaton
27%
Let Her Dance52127The Bobby Fuller Four
27%
Falling Down The Stairs Of Your Smile44926The New Pornographers
27%
Call My Name64124Third Day
27%
Shambala28711Three Dog Night
27%
Courageous34515Casting Crowns
18%
Priceless36618for KING & COUNTRY
18%
Heart And Soul41524Huey Lewis & The News
18%
Come A Little Bit Closer40418Jay & The Americans
18%
Stone In Love40020Journey
18%
Gimme Three Steps34620Lynyrd Skynyrd
18%
Survive79240The Warning
18%
I Think We're Alone Now29616Tommy James & The Shondells
18%
Black Dog Barking56535Airbourne
9%
Make Me Smile49423Chicago
9%
Missing You56738Flatland Cavalry
9%
What Is Life30414George Harrison
9%
Lady Luck46223Molly Hatchet
9%
Taste Like36418Tesla
9%
The Winding Stair Mountain Blues72042Turnpike Troubadours
9%
Freak Machine34023Fit For Rivals
0%
Minutes To Memories31918John Mellencamp
0%
Seventeen33419MARINA
0%
Hungry40723Paul Revere & The Raiders
0%
Luigi's Mansion Theme45832The 8-Bit Big Band
0%
Curses40930The Crane Wives
0%
Feel Alive36231William Clark Green
0%

Score Distribution

Percentile by Number Answered

Percent of People with Each Score

Your Score History

You have not taken this quiz since the last reset